| 000 | 00695nam a2200253Ia 4500 | ||
|---|---|---|---|
| 001 | dia_1913 | ||
| 003 | CHAP | ||
| 005 | 20230621135319.0 | ||
| 008 | 220117s1999 xx 000 0 und d | ||
| 010 | _a172449 | ||
| 020 | _a84-7114-787-4 | ||
| 040 | _cCHAP | ||
| 082 | _a664.15 M3 | ||
| 100 |
_aMadrid, Antonio _9151812 |
||
| 245 |
_aConfitería y Pastelería Manual de Formación / _c por Antonio Madrid |
||
| 260 |
_aMadrid : _b Mundi Prensa, _c1999 |
||
| 300 | _a499 p | ||
| 500 | _aC / e | ||
| 650 |
_aConfitería. 2, Pastelería. _9151813 |
||
| 901 | _a664.15 M3 | ||
| 902 | _aM | ||
| 905 | _a0000001999 MEXA 0000000000ESP00 | ||
| 942 |
_cLIBRO _2ddc |
||
| 999 |
_c172449 _d172449 |
||